Biblioteca

Receptivity to an outside religion : light from interaction between sociology and missiology (Registro nro. 70232)

Detalles MARC
000 -LÍDER
Campo fijo de descripción fija 01738nab a2200241 i 4500
001 - NÚMERO DE CONTROL
Campo de control 768714001
003 - IDENTIFICADOR DEL NÚMERO DE CONTROL
Campo de control CO-MdFUSB
005 - FECHA Y HORA DE LA ULTIMA TRANSACCIÓN
control field 20240618062727.0
008 - ELEMENTOS DE LONGITUD FIJA -- INFORMACIÓN GENERAL
Campo fijo de descripción fija -- Información general 240617t1986 us ||||| |||| 00| 0 eng d
040 ## - FUENTE DE CATALOGACIÓN
Idioma de catalogación spa
Agencia que realiza la transcripción CO-MdFUSB
Agencia que realiza la modificación CO-MdFUSB
041 ## - CÓDIGO DE IDIOMA
Código de idioma para texto/pista de sonido o título separado spa
100 ## - ASIENTO PRINCIPAL--NOMBRE PERSONAL
Nombre personal Montgomery, Robert Langford,
Término relacionador autor
245 ## - TÍTULO
Título Receptivity to an outside religion : light from interaction between sociology and missiology
Mención de responsabilidad / Robert Langford Montgomery
520 ## - NOTA DE RESUMEN, ETC.
Nota de sumario, etc. La recepción de la religión extranjera: luz sobre la interacción de la sociología y la misionología.<br/>Debido a que la misionología es un campo más general que las ciencias sociales, es crucial que los misioneros reconozcan las transiciones entre disciplinas. Al aplicar una perspectiva de las ciencias sociales a la cuestión de si las personas están dispuestas a abrazar el cristianismo o cualquier religión o ideología extranjera, manteniendo al mismo tiempo la integridad de las ciencias, se puede ilustrar la misionología. Se cree que la receptividad está influenciada por la percepción de la contribución que la nueva religión o ideología hace a la identidad social. Esta percepción está a su vez influenciada por las relaciones intergrupales. Se revisan los casos y luego se discuten las implicaciones para la misionología.
546 ## - NOTA DE IDIOMA
Nota de idioma Texto en inglés.
650 #0 - ASIENTO SECUNDARIO DE MATERIA - TERMINO TEMÁTICO
Término temático o nombre geográfico como elemento de entrada Misiones
9 (RLIN) 154
650 #0 - ASIENTO SECUNDARIO DE MATERIA - TERMINO TEMÁTICO
Término temático o nombre geográfico como elemento de entrada Sociología de la cultura
9 (RLIN) 5
650 #7 - ASIENTO SECUNDARIO DE MATERIA - TERMINO TEMÁTICO
Término temático o nombre geográfico como elemento de entrada Ciencias sociales
9 (RLIN) 7078
650 #7 - ASIENTO SECUNDARIO DE MATERIA - TERMINO TEMÁTICO
Término temático o nombre geográfico como elemento de entrada Religión y cultura
9 (RLIN) 388
773 0# - ASIENTO DE ITEM FUENTE
Biblionumber 70215
Itemnumber 82772
Lugar, editorial y fecha de publicación Pensilvania, Estados Unidos
Otro identificador del ítem R2647
Título Missiology
Número de control del registro (CO-MdFUSB)768714001
Parte(s) relacionada(s) / Volumen., número. (mes año), páginas Volumen 14, (número 3, 1986 ) páginas: 287 - 300
Enumeración y primera página página: 287
942 ## - TIPO DE MATERIAL (KOHA)
Tipo de Item KOHA Artículos de Revista
945 ## - INFORMACIÓN LOCAL DEL REGISTRO
Catalogador Catherine Arias Álvarez - Practicante SENA

No hay ítems disponibles.

Biblioteca FUSBC | Teléfono: (57+4) 349 88 10 Ext. 141| WhatsApp (+57) 3005338115 
E-mail: biblioteca@unisbc.edu.co | Calle 76 87-14 Robledo Palenque, Medellín, Colombia

Con tecnología Koha